000 00436nam a2200157 i 4500
001 64298
003 ES-MaACL
005 20230906165109.0
007 t|
008 031223s1964 sp ||||1| spa d
100 1 _aFlores Horrillo, Pedro.
_951286
245 1 0 _aFrente al mar azul /
_cPedro Flores Horrillo.
260 _aMálaga :
_b[s.n.,
_c1964] (
_fImp. Montes)
300 _a75 p. ;
_c22 cm.
852 _aES-MaACL
_jC-26180
_bR.55119
999 _c64298
_d64298